Gewalt im Griff / 2 Deeskalations- und Mediationstraining / Judy Korn; Thomas Mücke
| Beteiligte: | ; |
|---|---|
| Medienart: | Druck Buch |
| Sprache: | Deutsch |
| Veröffentlicht: |
Weinheim München
Juventa-Verl.
2006
|
| In: |
Gewalt im Griff
Jahr: 2006 |
| Ausgabe: | 2. Aufl. |
| Online-Zugang: |
Inhaltsverzeichnis |
| Bestand in Tübingen: | In Tübingen vorhanden. IFK: C II 372-2 |
| Verfügbarkeit prüfen: | HBZ Gateway |
| Subito Bestelldienst: | Jetzt bestellen. |
| Schlagwörter: |
MARC
| LEADER | 00000cam a2200000 cc4500 | ||
|---|---|---|---|
| 001 | 1320733859 | ||
| 003 | DE-627 | ||
| 005 | 20250817100415.0 | ||
| 007 | tu | ||
| 008 | 060207s2006 xx ||||| 00| ||ger c | ||
| 020 | |a 3779920182 |9 3-7799-2018-2 | ||
| 035 | |a (DE-627)1320733859 | ||
| 035 | |a (DE-576)250733854 | ||
| 035 | |a (DE-599)BSZ250733854 | ||
| 035 | |a (OCoLC)315119055 | ||
| 040 | |a DE-627 |b ger |c DE-627 |e rakwb | ||
| 041 | |a ger | ||
| 084 | |a DS 7140 |2 rvk |0 (DE-625)rvk/19959: | ||
| 084 | |a CX 4500 |2 rvk |0 (DE-625)rvk/19216: | ||
| 245 | 0 | 0 | |a Gewalt im Griff |n 2 |p Deeskalations- und Mediationstraining / Judy Korn; Thomas Mücke |c Jens Weidner ... (Hrsg.) |
| 250 | |a 2. Aufl. | ||
| 264 | 1 | |a Weinheim |a München |b Juventa-Verl. |c 2006 | |
| 300 | |a 199 S. | ||
| 336 | |a Text |b txt |2 rdacontent | ||
| 337 | |a ohne Hilfsmittel zu benutzen |b n |2 rdamedia | ||
| 338 | |a Band |b nc |2 rdacarrier | ||
| 490 | 0 | |a Edition sozial | |
| 583 | 1 | |a Archivierung/Langzeitarchivierung gewährleistet |f PEBW |x XA-DE-BW |2 pdager |5 DE-31 | |
| 700 | 1 | |a Korn, Judy |4 oth | |
| 700 | 1 | |a Mücke, Thomas |d 1958- |0 (DE-588)122045963 |0 (DE-627)081702663 |0 (DE-576)182843823 |4 oth | |
| 773 | 1 | 8 | |a Gewalt im Griff |w (DE-627)1156615232 |w (DE-576)086615238 |g 2 |q 2,2 |7 nnam |
| 856 | 4 | 2 | |u http://d-nb.info/97766046X/04 |m V:DE-605 |q application/pdf |3 Inhaltsverzeichnis |7 1 |
| 936 | r | v | |a DS 7140 |b Prävention in der Jugendhilfe (Jugendarbeit, Jugendpflege, Freizeitbetreuung, -beratung) |k Pädagogik |k Sozialpädagogik, Sozialarbeit |k Berufsfelder |k Jugendhilfe |k Prävention in der Jugendhilfe (Jugendarbeit, Jugendpflege, Freizeitbetreuung, -beratung) |0 (DE-627)1270705717 |0 (DE-625)rvk/19959: |0 (DE-576)200705717 |
| 936 | r | v | |a CX 4500 |b Schulpsychologie |k Psychologie |k Pädagogische Psychologie |k Schulpsychologie |0 (DE-627)1270711180 |0 (DE-625)rvk/19216: |0 (DE-576)200711180 |
| 951 | |a MV | ||
| ELC | |b 1 | ||
| LOK | |0 000 xxxxxcx a22 zn 4500 | ||
| LOK | |0 001 2515886272 | ||
| LOK | |0 003 DE-627 | ||
| LOK | |0 004 1320733859 | ||
| LOK | |0 005 20060912170054 | ||
| LOK | |0 008 060912||||||||||||||||ger||||||| | ||
| LOK | |0 040 |a DE-21-110 |c DE-627 |d DE-21-110 | ||
| LOK | |0 541 |e 06/287 | ||
| LOK | |0 689 |a s |a Deeskalationstraining | ||
| LOK | |0 689 |a s |a Mediationstraining | ||
| LOK | |0 689 |a s |a Gewalt | ||
| LOK | |0 689 |a s |a Gewaltverhalten | ||
| LOK | |0 689 |a s |a Gewaltprävention | ||
| LOK | |0 689 |a s |a Opferschutz | ||
| LOK | |0 852 |a DE-21-110 | ||
| LOK | |0 852 1 |c C II 372-2 |m p |9 00 | ||
| LOK | |0 936ln |a 10.10 | ||
| LOK | |0 938 |k p | ||
| LOK | |0 939 |a 12-09-06 |b l01 | ||
| ORI | |a SA-MARC-krimdoka001.raw | ||
| SIG | |a IFK: C II 372-2 | ||
